Solve the Secret Capital City - Statistics

General Stats
  • This quiz has been taken 160 times
  • The average score is 21 of 27
Answer Stats
Capital % Correct
AILM Bern
100%
EMOR Kiev
99%
D EIKV Lima
99%
ACIOR Rome
99%
H INSTU Paris
97%
AEGILRS London
94%
E ELOSU Cairo
90%
AAILMN Tunis
89%
K AAACCRS Algiers
88%
BDILNU Manila
86%
ABGKKNO Caracas
85%
O AADEMMRST Jerusalem
85%
EHIIKLNS Bangkok
83%
AACCR Seoul
82%
AIPRS Accra
80%
AAEJORSV Helsinki
78%
DEEIMNOOTV Amsterdam
77%
AEHNST Dublin
76%
AEGPRU Madrid
74%
I ADDIMR Athens
71%
N AABCENRR Sarajevo
71%
DLNNOO Prague
69%
ABCEHRSTU Canberra
65%
ACEEGHNNOP Montevideo
58%
AEEJLMRSU Bucharest
57%
WINDHOEK
49%
W Copenhagen
42%
No matching quizzes found
Score Distribution
Percent of People with Each Score
Percentile by Number Answered
Your Score History
You have not taken this quiz